[Event "AUTO-ADV-2281"]
[Site "http://www.queenalice.com/game.php?id=986272"]
[Date "2011.9.17"]
[Round "1"]
[White "HAZOP"]
[Black "brindleleaf"]
[Result "0-1"]
[WhiteElo "1679"]
[BlackElo "1705"]

1. Nf3 g6 2. d4 Bg7 3. g3 c5 4. Bg2 Nc6 5. O-O cxd4 6. e3 d3 7. cxd3 d6 8. Nc3
Bg4 9. h3 Bd7 10. Bd2 Qc8 11. Qe2 Bxh3 12. Ng5 Bxg2 13. Kxg2 Ne5 0-1

[Event "AUTO-ADV-2281"]
[Site "http://www.queenalice.com/game.php?id=986273"]
[Date "2011.9.17"]
[Round "1"]
[White "brindleleaf"]
[Black "HAZOP"]
[Result "0-1"]
[WhiteElo "1766"]
[BlackElo "1802"]

1. d4 d5 2. Nf3 Nc6 3. Bg5 f6 4. Bf4 e6 5. Nbd2 Nge7 6. e4 g6 7. c3 Bg7 8. Bd3
dxe4 9. Nxe4 O-O 10. Qd2 Kh8 11. Bh6 Nf5 12. Bxg7+ Nxg7 13. O-O-O a6 14. g4 e5
0-1

[Event "AUTO-ADV-2281"]
[Site "http://www.queenalice.com/game.php?id=986274"]
[Date "2011.9.17"]
[Round "1"]
[White "HAZOP"]
[Black "valdiluis"]
[Result "0-1"]
[WhiteElo "1751"]
[BlackElo "1921"]

1. Nf3 d5 2. d4 Nf6 3. g3 Bg4 4. Bg2 Nc6 5. O-O e6 6. e3 Bd6 7. h3 Bh5 8. Nc3
Ne4 9. g4 Bg6 10. Nxe4 Bxe4 11. Nd2 Bxg2 12. Kxg2 O-O 13. c3 h5 14. f3 f5 15.
Qe2 hxg4 0-1

[Event "AUTO-ADV-2281"]
[Site "http://www.queenalice.com/game.php?id=986275"]
[Date "2011.9.17"]
[Round "1"]
[White "valdiluis"]
[Black "HAZOP"]
[Result "1-0"]
[WhiteElo "1930"]
[BlackElo "1742"]

1. e4 e5 2. f4 Nc6 3. d3 d6 4. Nf3 Bg4 5. Be2 Bxf3 6. Bxf3 Nf6 7. Nc3 Be7 8. O-O
O-O 9. f5 g6 10. Bh6 Re8 11. Nd5 Nxd5 12. exd5 Nd4 13. Bh5 Bg5 14. fxg6 fxg6 15.
Bxg5 1-0

[Event "AUTO-ADV-2281"]
[Site "http://www.queenalice.com/game.php?id=986276"]
[Date "2011.9.17"]
[Round "1"]
[White "HAZOP"]
[Black "Nille"]
[Result "1-0"]
[WhiteElo "1814"]
[BlackElo "1961"]

1. Nf3 d5 2. d4 h6 3. g3 Nf6 4. Bg2 e6 5. O-O Nc6 6. Bd2 Be7 7. a3 b5 8. e3 a6
9. Nc3 Bb7 10. Re1 O-O 11. Ne5 Nd7 12. Nxd7 Qxd7 13. Qg4 f5 14. Qe2 Bf6 15. Rab1
Ne7 16. b3 Nc6 17. Bc1 Rad8 18. Bb2 Ne7 19. Nd1 Ng6 20. Qh5 Qf7 21. h3 Nh8 22.
Qxf7+ Nxf7 23. Bc3 Nd6 24. Bb4 Be7 25. Bxd6 Bxd6 26. f4 Bxa3 27. b4 a5 28. c3
axb4 29. cxb4 Ra8 30. Rb3 Ra4 31. Nc3 Ra7 32. Ra1 Rfa8 33. Nxb5 Ra4 34. Rbxa3
Rxa3 35. Rxa3 Rc8 36. Ra7 c6 37. Nd6 1-0

[Event "AUTO-ADV-2281"]
[Site "http://www.queenalice.com/game.php?id=986277"]
[Date "2011.9.17"]
[Round "1"]
[White "Nille"]
[Black "HAZOP"]
[Result "1-0"]
[WhiteElo "1974"]
[BlackElo "1820"]

1. e4 e5 2. Nf3 Nc6 3. Bc4 Be7 4. d3 h6 5. Nc3 Nf6 6. O-O O-O 7. a3 d6 8. h3 Be6
9. Bxe6 fxe6 10. b4 a6 11. Be3 d5 12. exd5 exd5 13. Bc5 Bxc5 14. bxc5 b6 15.
cxb6 cxb6 16. Re1 d4 17. Ne4 g6 18. Nxf6+ Qxf6 19. Rb1 b5 20. Qe2 Qd6 21. Nxe5
Rae8 22. f4 Rxf4 23. Qd2 Rxe5 24. Rxe5 Qxe5 25. Re1 Qf6 26. Qe2 Kg7 27. Qe8 h5
28. Qd7+ Kh6 29. Qc8 Ne5 30. Qb8 Rf5 31. Re4 Rf1+ 32. Kh2 Nf3+ 33. gxf3 Qxf3 34.
Qh8+ Kg5 35. h4+ 1-0

[Event "AUTO-OPEN-2480"]
[Site "http://www.queenalice.com/game.php?id=986432"]
[Date "2011.9.17"]
[Round "1"]
[White "RafaelCabral"]
[Black "HAZOP"]
[Result "1-0"]
[WhiteElo "2124"]
[BlackElo "1805"]

1. e4 e5 2. Nf3 Nc6 3. Bc4 Be7 4. O-O Nf6 5. d3 O-O 6. a3 b6 7. Bd5 Nxd5 8. exd5
Nd4 9. Nxe5 Bd6 10. Nc4 Bb7 11. Nxd6 cxd6 12. c3 Nf5 13. Qg4 Qf6 14. c4 Bc8 15.
Nc3 Nh6 16. Qh5 Nf5 17. Ne4 Qg6 18. Qh3 Ne7 19. Bf4 Kh8 20. Bxd6 Re8 21. Qg3
Qxg3 22. Nxg3 Kg8 23. Rae1 Kf8 24. Nf5 1-0

[Event "AUTO-ADV-2282"]
[Site "http://www.queenalice.com/game.php?id=986524"]
[Date "2011.9.17"]
[Round "1"]
[White "HAZOP"]
[Black "thw"]
[Result "0-1"]
[WhiteElo "1819"]
[BlackElo "1876"]

1. Nf3 d5 2. d4 Nf6 3. Nc3 Bf5 4. g3 e6 5. Bg2 Bb4 6. O-O h6 7. Bd2 Bxc3 8. Bxc3
O-O 9. e3 Bg4 10. h3 Bxf3 11. Bxf3 Nbd7 12. Bb4 Re8 13. Ba3 b6 14. b3 c5 15.
dxc5 bxc5 16. Bb2 a5 17. Kg2 a4 18. Re1 Qb6 19. Rb1 axb3 20. axb3 Ra2 21. Bxf6
Nxf6 22. Ra1 Rea8 23. Rb1 Qa5 24. Qd3 Nd7 25. c4 Ne5 26. Qf1 Nxf3 27. Kxf3 d4
28. exd4 cxd4 29. Qd3 e5 30. b4 Qc7 31. Rb3 Qc6+ 32. Qe4 Qxc4 33. Qd3 Qxd3+ 34.
Rxd3 R2a3 35. Ke4 Rxd3 36. Kxd3 f6 37. b5 Kf7 38. f4 Ra3+ 39. Ke4 Rb3 40. fxe5
fxe5 41. Kxe5 Re3+ 42. Kxd4 Rxe1 43. Kc5 Kf6 44. b6 Kf5 45. b7 Rb1 0-1

[Event "AUTO-ADV-2282"]
[Site "http://www.queenalice.com/game.php?id=986525"]
[Date "2011.9.17"]
[Round "1"]
[White "thw"]
[Black "HAZOP"]
[Result "1-0"]
[WhiteElo "1935"]
[BlackElo "1830"]

1. e4 e5 2. Nf3 Nc6 3. Bb5 a6 4. Ba4 Nf6 5. d3 Bc5 6. Bg5 b5 7. Bb3 h6 8. Bxf6
Qxf6 9. Nc3 Nd4 10. Nd5 Nxf3+ 11. gxf3 Qd6 12. Rg1 c6 13. Nc3 Qd4 14. Qe2 Bb4
15. Qd2 a5 16. a3 Bxc3 17. bxc3 Qb6 18. Rxg7 a4 19. Ba2 f6 20. Rg6 Qd8 21. Rxh6
Rxh6 22. Qxh6 Qe7 23. Qh8+ Qf8 24. Qxf8+ Kxf8 25. Ke2 d6 26. Rg1 f5 27. Rg8+ Ke7
28. h4 Kd7 29. exf5 Ke7 30. Be6 Bb7 31. Rg7+ 1-0

[Event "AUTO-ADV-2282"]
[Site "http://www.queenalice.com/game.php?id=986526"]
[Date "2011.9.17"]
[Round "1"]
[White "HAZOP"]
[Black "brannach"]
[Result "0-1"]
[WhiteElo "1865"]
[BlackElo "1857"]

1. c4 e5 2. Nc3 Nf6 3. g3 d5 4. cxd5 Nxd5 5. Bg2 Nxc3 6. bxc3 Nc6 7. d3 Be7 8.
Nf3 e4 9. Ng1 exd3 10. exd3 Bf5 11. d4 Qd6 12. Bxc6+ Qxc6 13. f3 Qxc3+ 14. Bd2
Qxd4 15. Rc1 Bc5 16. Qe2+ Be6 17. Bc3 Qe3 18. Qxe3 Bxe3 19. Bxg7 Rg8 20. Rc3
Bxg1 21. Rxg1 Rxg7 22. a4 O-O-O 23. Kf2 Rd2+ 0-1

[Event "AUTO-ADV-2282"]
[Site "http://www.queenalice.com/game.php?id=986527"]
[Date "2011.9.17"]
[Round "1"]
[White "brannach"]
[Black "HAZOP"]
[Result "1-0"]
[WhiteElo "1892"]
[BlackElo "1844"]

1. e4 d5 2. exd5 Qxd5 3. Nc3 Qd8 4. Nf3 e6 5. d4 Bb4 6. Bd2 Nf6 7. a3 Ba5 8. Bd3
O-O 9. O-O Nc6 10. Ne4 Bxd2 11. Qxd2 Nxe4 12. Bxe4 Bd7 13. Rad1 f5 14. Bxc6 Bxc6
15. Rfe1 Bxf3 16. gxf3 Re8 17. Re5 c6 18. Rde1 Qf6 19. Qb4 b6 20. Qc4 b5 21.
Qxc6 Rac8 22. Qxb5 Rxc2 23. Qxe8+ 1-0

[Event "AUTO-MASTER-1498"]
[Site "http://www.queenalice.com/game.php?id=986820"]
[Date "2011.9.18"]
[Round "1"]
[White "favazza2007"]
[Black "HAZOP"]
[Result "1-0"]
[WhiteElo "2030"]
[BlackElo "1866"]

1. e4 e5 2. Bc4 Bc5 3. Nf3 Qf6 4. Nc3 Ne7 5. d3 h6 6. Bd2 d6 7. Nd5 Qg6 8. Nxc7+
Kd8 9. Nxa8 Qxg2 10. Rf1 Bg4 11. d4 Bxf3 12. Be2 Bxe2 13. Qxe2 Bxd4 14. c3 Bb6
15. Nxb6 axb6 16. f3 Qxe2+ 17. Kxe2 f5 18. Be3 Kc7 19. b4 f4 20. Bf2 g5 21. b5
Nd7 22. a4 h5 23. h3 Ra8 24. Rg1 Rg8 25. c4 Nc5 26. Bxc5 bxc5 27. a5 b6 28.
axb6+ Kxb6 29. Ra6+ Kc7 30. Ra7+ Kd8 31. Ra8+ Kd7 32. Rxg8 1-0

[Event "AUTO-MASTER-1498"]
[Site "http://www.queenalice.com/game.php?id=986821"]
[Date "2011.9.18"]
[Round "1"]
[White "HAZOP"]
[Black "favazza2007"]
[Result "0-1"]
[WhiteElo "1855"]
[BlackElo "2039"]

1. Nf3 Nf6 2. d4 d5 3. g3 Nc6 4. Bg2 e6 5. O-O Be7 6. Bd2 Bd7 7. a3 h6 8. Nc3
O-O 9. e3 Nh7 10. Qc1 Ng5 11. Nxg5 Bxg5 12. f4 Bf6 13. e4 Bxd4+ 14. Be3 Bxe3+
15. Qxe3 d4 16. Qd3 dxc3 17. Qxc3 Qe7 18. Rad1 Rad8 19. e5 f6 20. Qb3 Qc5+ 21.
Kh1 Qb6 22. Qa2 fxe5 23. Rxd7 Rxd7 24. Qxe6+ Rdf7 25. Rd1 exf4 26. Rd7 Nb8 27.
Qxf7+ Rxf7 28. Rd8+ Kh7 29. Be4+ g6 30. Rxb8 Qxb2 31. Rxb7 Qc1+ 32. Kg2 Qxa3 0-1

[Event "AUTO-MASTER-1498"]
[Site "http://www.queenalice.com/game.php?id=986838"]
[Date "2011.9.18"]
[Round "1"]
[White "HAZOP"]
[Black "leduar"]
[Result "0-1"]
[WhiteElo "1817"]
[BlackElo "1947"]

1. Nf3 d5 2. d4 Nc6 3. g3 Bg4 4. Bg2 Nf6 5. O-O e6 6. e3 Bd6 7. Nc3 h6 8. Bd2 a6
9. a3 O-O 10. Re1 Re8 11. h3 Bh5 12. Ne2 e5 13. Bc3 e4 14. Nh2 g5 15. g4 Bxh2+
16. Kxh2 Bg6 17. Ng3 Qd6 18. Qd2 Kh7 19. f3 h5 20. Qf2 h4 21. fxe4 hxg3+ 22.
Qxg3 Qxg3+ 23. Kxg3 Bxe4 24. Bxe4+ Nxe4+ 25. Kh2 Nxc3 26. bxc3 Re4 27. Rab1 b5
28. Re2 Rf8 29. Rf1 Na5 30. Rf6 Nc4 31. Rxa6 Rxe3 32. Rxe3 Nxe3 33. Rc6 Rc8 34.
Rc5 c6 35. a4 bxa4 36. Ra5 Nxc2 37. Rxa4 Kg6 38. Ra2 Ne3 39. Re2 Re8 40. Kg1 Re4
41. Kf2 Nd1+ 0-1

[Event "AUTO-MASTER-1498"]
[Site "http://www.queenalice.com/game.php?id=986839"]
[Date "2011.9.18"]
[Round "1"]
[White "leduar"]
[Black "HAZOP"]
[Result "1-0"]
[WhiteElo "2020"]
[BlackElo "1845"]

1. e4 e5 2. Nf3 Nf6 3. Nxe5 Qe7 4. Nf3 Qxe4+ 5. Qe2 Qxe2+ 6. Bxe2 b6 7. Nc3 Bb4
8. a3 Bxc3 9. bxc3 Bb7 10. d3 O-O 11. O-O Nc6 12. c4 d6 13. Bb2 Nd7 14. Nd4 Nxd4
15. Bxd4 c5 16. Bc3 Ne5 17. d4 Ng6 18. d5 Rae8 19. Bf3 Ne5 20. Be2 a6 21. Rab1
b5 22. cxb5 axb5 23. Bxb5 Rb8 24. Bxe5 dxe5 25. a4 Bxd5 26. c4 Be6 27. a5 Rfd8
28. Rfd1 Rxd1+ 29. Rxd1 g6 30. a6 Kg7 31. Bc6 Rb6 32. a7 1-0

[Event "AUTO-MASTER-1498"]
[Site "http://www.queenalice.com/game.php?id=986840"]
[Date "2011.9.18"]
[Round "1"]
[White "HAZOP"]
[Black "luiz_antonio"]
[Result "0-1"]
[WhiteElo "1730"]
[BlackElo "1891"]

1. Nf3 d5 2. d4 h6 3. g3 b6 4. Bg2 Bb7 5. O-O e6 6. Bf4 Nf6 7. Nc3 a6 8. e3 Ne4
9. Nxe4 dxe4 10. Nd2 g5 11. Bxc7 Qxc7 12. Bxe4 f5 13. Bxb7 Qxb7 14. Nc4 Nd7 15.
f3 Bg7 16. Nd6+ Ke7 17. Nxb7 Rhb8 18. d5 Rxb7 19. d6+ Kf7 20. c3 Rd8 21. e4 Ne5
0-1

[Event "AUTO-MASTER-1498"]
[Site "http://www.queenalice.com/game.php?id=986841"]
[Date "2011.9.18"]
[Round "1"]
[White "luiz_antonio"]
[Black "HAZOP"]
[Result "1-0"]
[WhiteElo "1901"]
[BlackElo "1720"]

1. e4 e5 2. Bc4 Nf6 3. Qf3 Bc5 4. c3 O-O 5. a4 b6 6. b4 Bd6 7. b5 Bb7 8. d3 a6
9. Bb2 axb5 10. Bxb5 Bc6 11. c4 Bxb5 12. cxb5 c6 13. Nc3 Bb4 14. Ne2 cxb5 15.
axb5 Re8 16. Rxa8 Qe7 17. O-O d6 18. Nd5 Nxd5 19. exd5 Nd7 20. Rxe8+ Qxe8 21.
Rc1 1-0

[Event "sorim"]
[Site "http://www.queenalice.com/game.php?id=989117"]
[Date "2011.9.24"]
[Round "1"]
[White "jijivisha"]
[Black "HAZOP"]
[Result "1-0"]
[WhiteElo "1531"]
[BlackElo "1664"]

1. d4 d5 2. Nc3 Nf6 3. Nf3 Bg4 4. g3 Nc6 5. Bg2 e6 6. h3 Bxf3 7. exf3 Bb4 8. O-O
Bxc3 9. bxc3 O-O 10. Rb1 b6 11. Ba3 Re8 12. c4 a5 13. c5 Rb8 14. f4 bxc5 15.
Bxc5 Rxb1 16. Qxb1 Qb8 17. Qc1 Nb4 18. Bxb4 Qxb4 19. Re1 Qc4 20. Qb2 c5 21. dxc5
1-0